000 00335 a2200157 4500
001 44855
020 _a
040 _cAnchieta - Aquarius
100 _aBrasileiro, Jonar
240 1 0 _aCartinha da Terra
_lpor
245 1 0 _aCartinha da Terra
300 _a
362 0 _a2006
650 4 _aLiteratura infanto-juvenil
942 _cBK
999 _c44855
_d44855